00179nam a2200073Ia 4500008004100000082000800041100002100049245003500070240331s9999 xx 000 0 und d bWAR aWarnapala, W.W.A 4aThe Sri Lankan political scene